000 00915cab a2200265 4500
001 ABS59010
008 090401t1998 xxu||||| |||| 00| 0 eng d
035 _a(Sirsi) u87719
041 _aeng
100 _aBrimacombe, M.
245 _aMaterial danger
260 _c1998
350 _a0
490 _aInside Housing
_v15(29) 17 July 1998, 18-19(2)
520 _aConsiders the position of local authorities in relation to managing the risk to their staff and tenants of asbestos. Discusses types of asbestos, its use, the difficulty in identifying it and the problems associated with its removal.
650 _aMANAGEMENT-HEALTH AND SAFETY-HAZARDOUS SUBSTANCES-ASBESTOS
650 _aLOCAL AUTHORITIES
650 _aREMOVAL
650 _aSTAFF
650 _aTENANTS
650 _aWHITE ASBESTOS
690 _aBUILDING AND CONSTRUCTION-REPAIRS AND MAINTENANCE
942 _n0
948 _c29/07/1998
999 _c55348
_d55348